Количественный анализ: учебное пособие

Dettagli Bibliografici
Autore principale: Алексеев В. Н. Владимир Николаевич
Lingua:russo
Pubblicazione: Москва, Госхимиздат, 1958
Edizione:2-е изд., перераб.
Soggetti:
Natura: MixedMaterials Libro
KOHA link:https://koha.lib.tpu.ru/cgi-bin/koha/opac-detail.pl?biblionumber=53046

MARC

LEADER 00000nam0a2200000 4500
001 53046
005 20231101211413.0
035 |a (RuTPU)RU\TPU\book\55626 
035 |a RU\TPU\book\34546 
090 |a 53046 
100 |a 20030610d1958 m y0rusy50 ca 
101 0 |a rus 
102 |a RU 
105 |a a j 000zy 
200 1 |a Количественный анализ  |e учебное пособие  |f В. Н. Алексеев 
205 |a 2-е изд., перераб. 
210 |a Москва  |c Госхимиздат  |d 1958 
215 |a 559 с.  |c ил. 
606 1 |a Количественный анализ  |2 stltpush  |3 (RuTPU)RU\TPU\subj\71230  |9 85225 
610 1 |a аналитическая химия 
610 1 |a методы анализа 
610 1 |a теория 
610 1 |a учебные пособия 
675 |a 543.062(075.8)  |v 3 
700 1 |a Алексеев  |b В. Н.  |g Владимир Николаевич 
801 0 |a RU  |b 63413507  |c 20011210  |g PSBO 
801 2 |a RU  |b 63413507  |c 20210602  |g PSBO 
900 |a Аналитическая химия и физико-химические методы анализа 
900 |a Аналитическая химия 
942 |c BK